MARC

LEADER 00000nam0a2200000 4500
001 181263
005 20231101223615.0
035 |a (RuTPU)RU\TPU\book\196495 
090 |a 181263 
100 |a 20100604d1979 km y0rusy50 ca 
101 0 |a rus 
102 |a RU 
105 |a y z 001zy 
200 1 |a Русская музыка XIX-XX  |f Б. В. Асафьев 
205 |a 2-е изд. 
210 |a Ленинград  |c Музыка  |d 1979 
215 |a 344 с. 
320 |a Библиография в примечаниях. 
320 |a Указатель имен: с. 333-339. 
606 |a Музыковедение  |2 stltpush  |3 (RuTPU)RU\TPU\subj\44581  |9 63892 
610 1 |a музыка 
610 1 |a опера 
610 1 |a оперные спектакли 
610 1 |a оперный театр 
610 1 |a модернизм 
610 1 |a народные песни 
610 1 |a вокальная музыка 
610 1 |a инструментальная музыка 
610 1 |a симфоническая музыка 
610 1 |a камерная музыка 
610 1 |a русский романс 
610 1 |a 19 век 
610 1 |a 20 век 
675 |a 78.072  |v 3 
700 1 |a Асафьев  |b Б. В.  |g Борис Владимирович 
801 1 |a RU  |b 63413507  |c 20100604 
801 2 |a RU  |b 63413507  |c 20180212  |g RCR 
942 |c BK